2011 NCAA Men's Tournament Teams Per State Quiz Stats

 Plays Quiz not verified by Sporcle

Support Sporcle.
Go Orange.
Score 0/30 Timer 04:00
0 Plays Today
Number State/District % Correct
4California
96.5%
2Florida
95%
3Texas
94.7%
3North Carolina
94.3%
3New York
94%
4Ohio
92.4%
2Washington
92.3%
1Georgia
89.8%
5Pennsylvania
89.7%
4Indiana
89.3%
3Michigan
89.1%
3Kentucky
88.3%
4Tennessee
88%
5Virginia
87.8%
1Arizona
87.1%
Number State/District % Correct
2Kansas
86.2%
1South Carolina
86%
1Illinois
85.7%
2Alabama
85.1%
2Utah
84.5%
2Wisconsin
83.4%
1Connecticut
80%
1Massachusetts
78.7%
1Missouri
78.5%
1Colorado
78.5%
2New Jersey
77.8%
1Nevada
76.7%
1Arkansas
73.8%
1West Virginia
73.2%
1Washington, D.C.
50.4%

You're not logged in!

Compare scores with friends on all Sporcle quizzes.
OR
Log In

From the Vault

Cartoon Opening Themes

by amaranth

You'll be craving a bowl of cereal by the end of this quiz.
Remove Ads.
Support Sporcle.
Get the best of Sporcle when you Go Orange. This ad-free experience offers more features, more stats, and more fun while also helping to support Sporcle. Thank you for becoming a member.

Show Comments

Extras

Top Quizzes Today


Score Distribution

Your Account Isn't Verified!

In order to create a playlist on Sporcle, you need to verify the email address you used during registration. Go to your Sporcle Settings to finish the process.

Report this User

Report this user for behavior that violates our Community Guidelines.

Details: